Quizzes
Events
Quiz Creation
Community
Videos
Private Events
Remove Ads
Sign In
Join for FREE
Feedback
Dark Mode
Quiz Categories
Sports
Geography
Music
Movies
Television
Just For Fun
Miscellaneous
History
Literature
Language
Science
Gaming
Entertainment
Religion
Holiday
For Kids
Quiz Lab
Recent
Popular Today
Quiz Kudos Today
Editor Picks
Curator Picks
Quizzes by...
Day
Popularity
Type
Ratings
Length
Year
Community
Subscriptions
Recent Discussions
Orange Saloon
Badges
Playlists
Quests
Create
Leaderboards
Showdown
Live 5
Trivia Bingo
Activity
Puzzle Library
Sporcle Events
Private Events
Virtual Trivia
Globe League
Become a Host
Pub Owners
SporcleCon
Opinionation
Our Games
Videos
Blog
Mobile Apps
Partnerships
Remove Ads and Go Orange
Feedback
Miscellaneous
Crossword
General Knowledge
Baby Names
Logo
Food
Cars
Numbers
Grab Bag
University
College
Popular
Company
Slogans
Restaurants
Justice
Letter
Miscellaneous
Crossword
General Knowledge
Baby Names
Logo
Food
Cars
Numbers
Grab Bag
University
College
Popular
Company
Slogans
Restaurants
Justice
Letter
Random Quiz
Search Sporcle
×
Quiz Lab
Quiz Lab
Miscellaneous
Airline
Type in answers that appear in a list
Type in answers that appear in a list
Classic
Best Score? Go Orange.
Most Delayed Airports (U.S.) Stats
Can you name the America's airports with the highest percentage of delayed departures?
By
Juvo415
4m
20 Questions
756 Plays
756 Plays
756 Plays
Comments
Comments
Give Quiz Kudos
Give Quiz Kudos
-
- Ratings
hide this ad
More Info
Replay
Link that replays current quiz
Next Quiz
Link to next quiz in quiz playlist
You Got
0%
They Got
Avg Score
76%
Avg Friend Score
Upgrade to see
Score Distribution
Jump to the score distribution portion of the page
Score
0/20
Timer
04:00
0
Plays Today
Rank
Airport
% Correct
4.
John F. Kennedy International Airport
95%
1.
Miami International Airport
89.9%
8.
Dallas/Fort Worth International Airport
88.1%
2.
San Francisco International Airport
87.7%
6.
Hartsfield–Jackson Atlanta International Airport
87.3%
11.
Chicago O'Hare International Airport
86.8%
15.
General Edward Lawrence Logan International Airport
85.2%
17.
LaGuardia Airport
83.2%
14.
Newark Liberty International Airport
80.8%
13.
Denver International Airport
77.5%
Rank
Airport
% Correct
9.
Detroit Metropolitan Wayne County Airport
73.8%
12.
Orlando International Airport
73.7%
20.
Philadelphia International Airport
72.6%
19.
Washington Dulles International Airport
72.5%
7.
Minneapolis–Saint Paul International Airport
70.1%
10.
McCarran International Airport of Las Vegas
69.7%
5.
Baltimore/Washington International Thurgood Marshall Airport
64.6%
18.
Tampa International Airport
60.8%
3.
Chicago Midway International Airport
58.2%
16.
Fort Lauderdale–Hollywood International Airport
47%
Quiz Playlist
Details
Report
Send in Message
Add To Playlist
More Info:
Quiz accepts 3-character IATA codes, 4-character ICAO codes, and city names in cases where the city has only one airport.
Classic:
Type in answers that appear in a list
Quiz Source
Last Updated: Feb 16, 2017
Quiz Scoreboard
CHALLENGE
Sign Up to Join the Scoreboard
Show All
Scores
Hide
Comments
May contain spoilers
Recently Published
One Thing in Common: World Cities II
by knightlancer
Geography
7m
Popular People in 1961
by mucciniale
History
6m
1-10 Letter E Words III
by El_Dandy
Language
2m
More to Explore
Quiz From the Vault
Featured Blog Post
Where Did the Easter Bunny Come From?
hide this ad
You Might Also Like...
Tags
Airline
airport
Airport City
Commercial Airports
flight
Today's Top Quizzes in Miscellaneous
Browse Miscellaneous
hide this ad
Today's Top Quizzes in Airline
Browse Airline
Top Contributed Quizzes in Miscellaneous
1
The JOE quick-fire general knowledge quiz: Day 173
2
The JOE quick-fire general knowledge quiz: Day 172
3
Sunday Crossword: Famous Bodies of Water
4
sort kpop groups by number of members
5
Named After an Animal - Odd One Out!
6
One Thing in Common: United Kingdom II
7
Lays Potato Chip Flavour Contest Finalists
8
The JOE quick-fire general knowledge quiz: Day 171
9
The JOE quick-fire quiz: Day 170
10
Parts Of A Small Engine
Explore More
Trending Topics
Kpop
Disney
Crossword
NBA
Anime
Marvel
Harry Potter
WWE
Song
Country
Soccer
NFL
Pokémon
Puzzle
The Office
hide this ad
More By:
Juvo415
Quiz
Plays
Rating
Category
Featured
Created
Nickelodeon Show by Image
135,365
4.57
Television
Feb 1, 2012
'Per Capita' Quiz
112,328
4.10
Miscellaneous
Nov 21, 2010
Military by Numbers
110,710
4.69
Geography
Nov 7, 2011
Shakespeare or Fake-speare?
110,604
4.37
Literature
Jun 15, 2012
50 Opening Lines
107,248
4.52
Movies
Apr 16, 2012
Go to Creator's Profile
Score Distribution
Quiz Creator Spotlight
Juvo415
Follow
Send a Message
Quizzes Created
-
Created Quiz Play Count
-
More By This Creator
Popular Quizzes Today
1
Find the US States - No Outlines Minefield
2
The Countries of the World
3
Popular People in 1961
4
Find the Countries of Europe - No Outlines Minefield
5
1-10 Letter E Words III
6
Find the US States
7
One Thing in Common: World Cities II
8
US States
More Miscellaneous Quizzes
Top 30 Luxury Watch Brands
Quiz Lab
Trending Quizzes
Country Music Stars Doing Things
Get the Picture: Carrie or Dolly
1-10 Letter F Words
1-10 Letter G Words
Risky Map Clicking: Next State Alphabetically
Recently Updated
Leaping Animals
pecheneg
Reality TV Shows (A-Z)
bhenderson79
Rickey Henderson's Hall of Fame Teammates
pecheneg
Champions League XIs: Arsenal
pecheneg
Quick Pick: Celebrities in WWE's Hall of Fame
aduchscher
A-Z Keypad Blitz II
pecheneg
Multiple Oscar Actors
pecheneg
Mystery Phrase Blitz: Oscar 'Best Actors'
pecheneg
F. Scott Fitzgerald Novels
LTH
Pick 3 Villains
ddd62291
Trending Topics
Disney
Crossword
Anime
Marvel
Kpop
NBA
Harry Potter
NFL
Pokémon
Puzzle
The Office
Country
Song
Soccer
WWE
Your Account Isn't Verified!
In order to create a playlist on Sporcle, you need to verify the email address you used during registration. Go to your
Sporcle Settings
to finish the process.
Report this User
Report this user for behavior that violates our
Community Guidelines
.
Details:
Send Report
Go to the Sporcle.com Mobile Site →
Comments